000 00689nam a22002177a 4500
999 _c10694
_d10694
003 AR-CdUCM
008 190401b ||||| |||| 00| 0 spa d
040 _aMUNICIPALIDAD PROVINCIAL DEL CUSCO
_cBIBLIOTECA MUNICIPAL DEL CUSCO
082 _aES / 800 /
_bB35
_213ed.
100 _aBeecher Stowe, H.
_927675
245 _aLa Cabaña del Tío Tom /
260 _aBarcelona :
_bMateu ;
_c1960.
300 _a255 páginas ;
_c20cm
_bIlustraciones
440 _aColección Juvenil Cadete
_914092
505 _aContenido: Novela
650 _aNovela
_9572
650 _aLiteratura juvenil
_91580
700 _aSantainés, Simón (versión)
_927676
942 _2ddc
_cLIBROS
945 _anom